Efficient computer methods for the practising chemical engineer: proceedings of a symposium organised by the Midlands Branch of the Institution of Chemical Engineers held at Nottingham, 19 April 1967.

Saved in:
Bibliographic Details
Corporate Author: Institution of Chemical Engineers (Great Britain). Midlands Branch
Format: Book
Language:English
Published: London, Institution of Chemical Engineers, 1967.
Series:I. Chem. E. symposium series no. 23
Subjects:
LEADER 01241nam a2200265 4500
001 c000041262
003 CARM
005 00000000000000.0
008 691124s1967 enka b 10000 eng
015 |a B68-23617 
019 1 |a 24575772  |z 722785  |5 LACONCORD2021 
035 |a (OCoLC)27702  |5 LACONCORD2021 
050 0 0 |a TP5  |b .E35 
245 0 0 |a Efficient computer methods for the practising chemical engineer:  |b proceedings of a symposium organised by the Midlands Branch of the Institution of Chemical Engineers held at Nottingham, 19 April 1967. 
260 |a London,  |b Institution of Chemical Engineers,  |c 1967. 
300 |a 194 p.  |b illus.  |c 30 cm. 
490 1 |a I. Chem. E. symposium series  |v no. 23 
504 |a Includes bibliographies. 
610 2 0 |a Chemical Engineering.  |x Data processing  |x Congresses. 
710 2 0 |a Institution of Chemical Engineers (Great Britain).  |b Midlands Branch. 
810 2 |a Institution of Chemical Engineers (Great Britain).  |t Symposium series ;  |v no. 23 
852 8 |b CARM  |h A2:AD33C1  |i D01494  |p 0087451  |f BK 
082 0 4 |a 660/.01/8 
999 f f |i d5ecfaa1-7937-5a32-82c8-4b7025702491  |s 3db58806-05da-5c54-8482-ce185aec01fe 
952 f f |p Can circulate  |a CAVAL  |b CAVAL  |c CAVAL  |d CARM 1 Store  |e D01494  |f A2:AD33C1  |h Other scheme  |i book  |m 0087451